| 000 | 00588nam a22002057a 4500 | ||
|---|---|---|---|
| 003 | OSt | ||
| 005 | 20260203122858.0 | ||
| 008 | 260203b |||||||| |||| 00| 0 eng d | ||
| 020 | _a9781119587965 | ||
| 040 |
_aKABLIB _beng _cKABLIB _erda |
||
| 082 |
_223 _a515 _bAPP |
||
| 245 |
_aApplied Calculus / _cDeborah Hughes-Hallet ... [et al.] |
||
| 250 | _a6th ed. | ||
| 260 |
_aHoboken: _bWiley & Sons Inc., _cc2018. |
||
| 300 |
_axxii, 466p. : _bill. (som. col.) ; _c28cm. |
||
| 500 | _aIncludes index. | ||
| 650 | _aCalculus | ||
| 700 |
_aHughes-Hallet, Deborah _915044 |
||
| 942 |
_2ddc _cBOOK |
||
| 999 |
_c5964 _d5964 |
||